Tsunami Prone Countries - Statistics

General Stats
  • This quiz has been taken 352 times
  • The average score is 7 of 13
Answer Stats
Country % Correct
Japan
96%
Indonesia
90%
United States
88%
China
81%
Chile
71%
Philippines
71%
Mexico
68%
Peru
57%
Papua New Guinea
45%
Timor-Leste
24%
Solomon Islands
19%
Vanuatu
18%
Albania
5%
No matching quizzes found
Score Distribution
Percent of People with Each Score
Percentile by Number Answered
Your Score History
You have not taken this quiz